The networks : (Record no. 185314)
[ view plain ]
| 000 -LEADER | |
|---|---|
| fixed length control field | 01005 a2200193 4500 |
| 003 - CONTROL NUMBER IDENTIFIER | |
| control field | Nust |
| 005 - DATE AND TIME OF LATEST TRANSACTION | |
| control field | 20230124110335.0 |
| 010 ## - LIBRARY OF CONGRESS CONTROL NUMBER | |
| LC control number | 79016849 |
| 020 ## - INTERNATIONAL STANDARD BOOK NUMBER | |
| International Standard Book Number | 0684161672 : |
| 040 ## - CATALOGING SOURCE | |
| Transcribing agency | Nust |
| 082 00 - DEWEY DECIMAL CLASSIFICATION NUMBER | |
| Classification number | 384.554,REE |
| 100 1# - MAIN ENTRY--PERSONAL NAME | |
| Personal name | Reel, A. Frank |
| 9 (RLIN) | 107526 |
| 245 14 - TITLE STATEMENT | |
| Title | The networks : |
| Remainder of title | how they stole the show / |
| Statement of responsibility, etc. | A. Frank Reel. |
| 260 ## - PUBLICATION, DISTRIBUTION, ETC. | |
| Place of publication, distribution, etc. | New York : |
| Name of publisher, distributor, etc. | Scribner, |
| Date of publication, distribution, etc. | c1979. |
| 300 ## - PHYSICAL DESCRIPTION | |
| Extent | xvii, 208 p. ; |
| Dimensions | 22 cm. |
| 505 ## - FORMATTED CONTENTS NOTE | |
| Formatted contents note | All for one and three for all (Page-1), The making of the Monopoly (Page-18), Rating : The Lifeblood (Page-31), The networks and the television Stations (Page-42), The Network and the Producers (Page-67), The Network and the news (Page-87), Censorship (Page-105), The Networks Invasion of Neighboring Domains (Page-120), With can be Done Within the System (Page-134), Alternative Sources (Page-148), The Board to Relief (Page-163), Which Way? Gadgetry or Governments ? (Page-191). |
| 650 #0 - SUBJECT ADDED ENTRY--TOPICAL TERM | |
| Topical term or geographic name entry element | Television broadcasting |
| Geographic subdivision | United States. |
| 9 (RLIN) | 7760 |
| 942 ## - ADDED ENTRY ELEMENTS (KOHA) | |
| Source of classification or shelving scheme | |
| Koha item type | Book |
| Call number prefix | 384.554,REE |
| Withdrawn status | Lost status | Source of classification or shelving scheme | Damaged status | Not for loan | Permanent Location | Current Location | Shelving location | Date acquired | Full call number | Barcode | Date last seen | Price effective from | Koha item type | Public note |
|---|---|---|---|---|---|---|---|---|---|---|---|---|---|---|
| Military College of Signals (MCS) | Military College of Signals (MCS) | General Stacks | 12/12/2016 | 384.5540973,REE | MCS3306 | 12/08/2016 | 12/12/2016 | Book | Almirah No. 54, Shelf No. 4 |
